00573nam a2200169 4500001000700000003000900007005001700016007000300033008004100036100002400077245004800101260007100149300002000220852002200240999001900262952012200281109637ES-MaACL20230906184900.0t|061121m19131918fr r ||||1| fre d1 aOllivier, H.98694110aCours de physique generale / cH. Ollivier. aParís : b[s.n.], c1913-1918 (fLaval. Imp. L. Barneoud et Cª) a3 v. ; c25 cm. aES-MaACLjF-41-43 c109637d109637 00104070aATENEOMbATENEOMcDEPO2d2008-01-17eSCl0oF-41-43p1114393r2023-02-23 00:00:00w2023-02-23yMONOGRAFIA